| Tag |
First Indicator |
Second Indicator |
Subfields |
| LEADER |
00000cam a22000001a 4500 |
| 001 |
in00003792421 |
| 005 |
20190408184616.0 |
| 006 |
m o d f |
| 007 |
cr bn mmmapmmp |
| 008 |
040322s1922 wiu o f000 0 eng d |
| 035 |
|
|
|a ebd1910509447
|
| 040 |
|
|
|a UMI
|c UMI
|d UtOrBLW
|
| 086 |
0 |
|
|a A 13.27/9:175
|
| 099 |
|
|
|a A13.27-9.175
|
| 245 |
0 |
0 |
|a Hardwood and softwood drying schedules.
|
| 264 |
|
1 |
|a Madison, Wisconsin :
|b [publisher not identified],
|c [1922]
|
| 300 |
|
|
|a 1 online resource (pages)
|
| 336 |
|
|
|a text
|b txt
|2 rdacontent
|
| 337 |
|
|
|a computer
|b c
|2 rdamedia
|
| 338 |
|
|
|a online resource
|b cr
|2 rdacarrier
|
| 490 |
0 |
|
|a Forest Products Laboratory Tech. Note No. 175
|
| 500 |
|
|
|a [with data on kiln drying procedure, by tree species and moisture content].
|
| 500 |
|
|
|a Record is based on bibliographic data in ProQuest U.S. Executive Branch Documents, 1910-1932. Reuse except for individual research requires license from ProQuest, LLC.
|
| 533 |
|
|
|a Electronic reproduction.
|b [Bethesda, Md.] :
|c ProQuest,
|d 2012.
|e digital, PDF file.
|n ProQuest U.S. Executive Branch Documents, 1910-1932.
|n Mode of access: World Wide Web via ProQuest website.
|
| 538 |
|
|
|a System requirements: PDF reader software.
|
| 500 |
|
|
|a Electronic resource.
|
| 650 |
|
0 |
|a Lumber trade.
|0 http://id.loc.gov/authorities/subjects/sh85078814
|
| 655 |
|
7 |
|a Electronic books.
|2 local
|
| 710 |
2 |
|
|a Forest Products Laboratory (U.S.)
|0 http://id.loc.gov/authorities/names/n79079094
|
| 776 |
1 |
8 |
|i Microfiche version:
|t Hardwood and softwood drying schedules
|o CIS US Exec MF A13.27-9.175
|w (ProQuest)cis19156136
|
| 856 |
4 |
0 |
|u http://proxy.library.tamu.edu/login?url=http://congressional.proquest.com/congressional/docview/t66.d71.a13.27-9.175
|z Connect to the full text of this electronic document
|t 0
|
| 999 |
f |
f |
|s 05a24507-97ed-30aa-965c-79d23382a4d2
|i c3bbd20b-4c99-3f36-bf93-946edd952f3d
|t 0
|
| 952 |
f |
f |
|a Texas A&M University
|b College Station
|c Electronic Resources
|d Available Online
|t 0
|h No information provided
|
| 998 |
f |
f |
|t 0
|l Available Online
|